2018 NCAA Tournament Teams Logo Quiz - Statistics

General Stats
  • This quiz has been taken 1,123 times
  • The average score is 50 of 68
Answer Stats
Picture Answer % Correct
Alabama
99%
Arizona
97%
Auburn
96%
Florida
96%
Clemson
95%
Arkansas
94%
Duke
94%
Kentucky
94%
Michigan
94%
Florida State
93%
Kansas
93%
Miami
93%
Michigan State
93%
North Carolina
93%
Texas
93%
Purdue
92%
Arizona State
91%
Cincinnati
91%
Oklahoma
91%
Texas A&M
91%
Virginia
91%
Houston
90%
Tennessee
90%
Texas Tech
90%
Virginia Tech
90%
West Virginia
90%
Syracuse
89%
Villanova
87%
Xavier
87%
Kansas State
86%
Buffalo
85%
Missouri
85%
NC State
85%
Gonzaga
84%
UCLA
84%
Ohio State
83%
Creighton
81%
San Diego State
80%
Butler
76%
Loyola-Chicago
76%
Rhode Island
75%
TCU
75%
Providence
72%
Wichita State
72%
UMBC
69%
Seton Hall
67%
Nevada
65%
South Dakota State
62%
Davidson
61%
Murray State
61%
Georgia State
59%
New Mexico State
59%
Stephen F. Austin
59%
Montana
58%
Penn
50%
Texas Southern
49%
Charleston
48%
Bucknell
47%
Lipscomb
47%
Radford
41%
Marshall
35%
St. Bonaventure
27%
UNC Greensboro
24%
N.C. Central
23%
Wright State
20%
Iona
19%
LIU Brooklyn
17%
Cal State Fullerton
15%
No matching quizzes found
Score Distribution
Percent of People with Each Score
Percentile by Number Answered
Your Score History
You have not taken this quiz